000 00602nam a2200217Ia 4500
003 SISC
005 20170116093756.0
008 140321s9999 xx 000 0 und d
020 _a9788183568975
050 _aG 156.5.H47
_b.W168 2011
100 _aWalsh, Thomas.
245 _aCreative tourism /
_cThomas Walsh.
250 _a1st edition.
260 _aNew Delhi :
_bDiscovery Pub. House,
_c2011.
300 _a216 pages :
_c23 cm.
500 _aIncludes bibliographical references and index.
650 _aHeritage tourism.
650 _aTourism.
942 _kFOR
_cBK
_2lcc
999 _c48519
_d48519